00974nam a22002417a 450000500170000001000130001702000220003003500130005203700160006504000120008108200130009310000320010624500920013826000520023027000880028230000210037065000220039165000340041394200220044799900190046995201220048895201220061020170124110046.0 aB-128361 c65.00a8181830032 aB-128361 bCen Lib/Ret aDPLbEN a886bPAR aParker, Shirley Ann 924669 aPersonal letters for all occasions :cby Shiley Ann Parker bwhat will shall I wright / aMumbai bVMP publishers and distributers c2003 bMumbai a^, Princess building, E R Road near J.J. hospital traffic signals e400003 a100p.c21cm(pbk) aLiterature 96262 aHistorical literature 924670 2ddccENh886mPAR c128869d128869 00104070aLbLd2015-07-03eCen LIb/Retg65.00l0o886 PARpB-128361r2015-07-03 00:00:00t1v65.00w2015-07-03yEN 00102ddc40708NFICaZLSbZLSd2019-05-16l1m1o886 PARpB-128373r2019-09-11 00:00:00s2019-08-31w2019-05-16yEN